Conflicto y revolución: la crisis en América Central
Saved in:
| Main Author: | |
|---|---|
| Format: | Book |
| Language: | Spanish |
| Published: |
Buenos Aires
Tres Tiempos
1986
|
| Series: | Libros del Hoy Candente
|
| Subjects: | |
| Tags: |
Add Tag
No Tags, Be the first to tag this record!
|
MARC
| LEADER | 00000nam a2200000 a 4500 | ||
|---|---|---|---|
| 001 | UCT7015 | ||
| 003 | CL-VaPUC | ||
| 008 | 970116e19860000AG |||||||||||||||||spa|d | ||
| 082 | 0 | 4 | |a 321.09 |b WIA |2 21 |
| 100 | 0 | |a Wiarda, Howard J |e author |9 377560 | |
| 245 | 1 | 0 | |a Conflicto y revolución: la crisis en América Central |
| 300 | |a 468 p | ||
| 942 | |c BK | ||
| 945 | |d 19970116 00:00:00 |a paguirre | ||
| 260 | |a Buenos Aires |b Tres Tiempos |c 1986 | ||
| 650 | 7 | |a REVOLUCION |2 CL-VaPUC |9 338298 | |
| 650 | 7 | |a REVOLUCIONES POLITICAS |2 CL-VaPUC |9 377561 | |
| 650 | 7 | |a DISTURBIOS CIVILES |2 CL-VaPUC |9 377562 | |
| 650 | 0 | |a Socialismo |9 255260 | |
| 650 | 7 | |a POLITICA INTERNA |2 CL-VaPUC |9 342443 | |
| 651 | 0 | |a América |9 255182 | |
| 651 | 0 | |a México |9 255269 | |
| 583 | |a last modification |c 19970116 00:00:00 |k Rodrigo Vera | ||
| 490 | 0 | |a Libros del Hoy Candente | |
| 999 | |c 255678 |d 255676 | ||
| 952 | |0 0 |1 0 |4 0 |6 321_090000000000000_WIA_1986 |7 0 |8 A |9 278047 |a BIBDER |b BIBDER |d 2019-11-19 |i 1805266 |o 321.09 WIA 1986 |p 1805266 |r 2023-01-25 |w 2019-11-19 |y BK |k DER | ||
| 952 | |0 0 |1 0 |4 0 |6 321_090000000000000_WIA_1986 |7 0 |8 A |9 278048 |a BIBHIS |b BIBHIS |d 2019-11-19 |i 1384449 |o 321.09 WIA 1986 |p 1384449 |r 2025-01-20 |w 2019-11-19 |y BK |k HIS | ||